Vybrané aspekty súčasného vývoja čínskych PZI v EÚ (s dôrazom na energetický trh)

Súčasné tendencie vývoja PZI vo svete. Prílev PZI vo svete podľa jednotlivých skupín ekonomík (1980-2010). Strategické ciele čínskych subjektov v EÚ 27. Čínske investície z teritoriálneho hľadiska (2005-2009). Cieľové odvetvia čínskych spoločností v EÚ.

Salvato in:
Dettagli Bibliografici
Autore principale: Hamara, Andrej
Altri autori: Zábojník, Stanislav, 1984-
Natura: Capitolo di libro
Lingua:slovacco
Soggetti:
Tags: Aggiungi Tag
Nessun Tag, puoi essere il primo ad aggiungerne!!

MARC

LEADER 00000nla$a2200000$$$4500
001 0147451
005 20240502072649.8
041 0 |a slo 
044 |a SK 
245 1 0 |a Vybrané aspekty súčasného vývoja čínskych PZI v EÚ (s dôrazom na energetický trh)  |c Andrej Hamara, Stanislav Zábojník 
520 |a Súčasné tendencie vývoja PZI vo svete. Prílev PZI vo svete podľa jednotlivých skupín ekonomík (1980-2010). Strategické ciele čínskych subjektov v EÚ 27. Čínske investície z teritoriálneho hľadiska (2005-2009). Cieľové odvetvia čínskych spoločností v EÚ. 
610 2 0 |a Čína 
610 2 0 |a investície priame zahraničné 
610 2 0 |a investovanie 
610 2 0 |a svet 
610 2 0 |a Európska únia 
100 1 |a Hamara, Andrej 
700 1 |a Zábojník, Stanislav, 1984-